000 00408nam a2200157 i 4500
001 75835
003 ES-MaACL
005 20230906172621.0
007 t|
008 040928s1928 fr ||||1| fre d
100 1 _aGraux, Lucien.
_959771
245 1 3 _aLe Maroc économique /
_cLucien Graux.
260 _aParis :
_b[s.n.,
_c1928] (
_fPaul Dupont)
300 _a600 p. ;
_c28 cm.
852 _aES-MaACL
_jA-3361
999 _c75835
_d75835